000 00796nam a22001697a 4500
999 _c63831
_d63831
003 Ge_BSU
005 20260129162238.0
008 260129s1975 ge ||||| |||| 00| 0 geo d
041 _ageo
080 _a347.73(47+57)(075.8) შ-48
100 _aშენგელია, რომან
_926760
245 _aსაბჭოთა საფინანსო სამართალი :
_b[დამხმ. სახელმძღვ. სტუდენტებისათვის] /
_cრომან შენგელია.
264 _aთბ. :
_bთბილ. უნ-ტის გამ-ბა,
_c1975.
300 _a392 გვ. ;
_b22 სმ.
653 _aსსრ კავშირის საფინანსო სამართალი
942 _2udc
_cᲬᲘᲒᲜᲘ